| 000 | 00404nam a2200157 a 4500 | ||
|---|---|---|---|
| 005 | 20140414131935.0 | ||
| 008 | 110118s19uu xx 00 eng d | ||
| 050 |
_aREF 595.7 _bL46 2001 |
||
| 100 | _aLegg, Gerald | ||
| 245 | _aThe world of insect life. | ||
| 260 |
_aLondon : _bGareth Stevens, _c2001. |
||
| 440 | _aAn inside look | ||
| 650 | _aInsects | ||
| 650 |
_aBotany _xAnatomy |
||
| 999 |
_c112407 _d112407 |
||